Loading...
| Literature - World | 0 | 7 | 2 | 1 | 60 | 46 | 91.29 | 2 | 5 | 22.56 | 44.32 |
| Philosophy | 0 | 6 | 1 | 1 | 55 | 81 | 100.83 | 0 | 2 | 9.24 | 28.41 |
| Literature - European | 0 | 6 | 1 | 1 | 55 | 36 | 108.17 | 0 | 2 | 13.60 | 26.14 |
| History - World | 0 | 5 | 1 | 1 | 45 | 92 | 108.00 | 0 | 2 | 8.03 | 23.86 |
| Fine Arts - Classical Music | 0 | 5 | 1 | 2 | 45 | 74 | 104.80 | 0 | 1 | 8.14 | 17.05 |
| Science - Physics | 0 | 4 | 0 | 1 | 40 | 72 | 95.00 | 0 | 0 | 7.00 | 13.64 |
| Literature - British | 0 | 4 | 0 | 0 | 40 | 40 | 84.50 | 1 | 1 | 14.44 | 20.45 |
| Literature - American | 0 | 5 | 2 | 1 | 40 | 78 | 109.20 | 1 | 3 | 9.33 | 29.55 |
| Social Science | 0 | 4 | 1 | 0 | 35 | 65 | 82.75 | 1 | 2 | 8.68 | 18.18 |
| Science - Biology | 0 | 3 | 0 | 1 | 30 | 64 | 85.67 | 0 | 0 | 6.30 | 11.36 |
| History - Other | 0 | 4 | 2 | 0 | 30 | 90 | 110.25 | 0 | 2 | 3.74 | 18.18 |
| Fine Arts - Other | 0 | 3 | 2 | 0 | 20 | 66 | 85.67 | 0 | 1 | 8.54 | 12.50 |
| Science - Other | 0 | 2 | 0 | 0 | 20 | 93 | 93.50 | 0 | 1 | 3.57 | 11.36 |
| Religion | 0 | 2 | 1 | 1 | 15 | 97 | 115.50 | 0 | 0 | 0.93 | 5.68 |
| History - European | 0 | 2 | 1 | 0 | 15 | 84 | 91.00 | 0 | 1 | 5.32 | 10.23 |
| Fine Arts - Painting and Sculpture | 0 | 2 | 1 | 0 | 15 | 63 | 85.00 | 0 | 1 | 6.71 | 9.09 |
| Mythology | 0 | 1 | 0 | 0 | 10 | 108 | 108.00 | 0 | 1 | 1.65 | 7.95 |
| Current Events | 0 | 1 | 0 | 0 | 10 | 68 | 68.00 | 0 | 0 | 23.44 | 18.75 |
| Geography | 0 | 1 | 1 | 0 | 5 | 90 | 90.00 | 0 | 1 | 10.43 | 29.17 |
| History - American | 0 | 2 | 3 | 0 | 5 | 56 | 71.00 | 0 | 1 | 7.73 | 10.23 |
| Science - Chemistry | 0 | 0 | 2 | 0 | -10 | 0.00 | 0 | 0 | 0.00 | 0.00 |